[Event "Bundesliga 2014/15"]
[Site "Emsdetten GER"]
[Date "2015.01.31"]
[Round "8"]
[White "Adams, Michael"]
[Black "Giri, Anish"]
[Result "1/2-1/2"]
[WhiteElo "2758"]
[BlackElo "2768"]
[PlyCount "71"]
[EventDate "2014.10.18"]
[EventType "team"]
[WhiteTeam "OSG Baden-Baden"]
[BlackTeam "SK Turm Emsdetten"]

1. e4 e5 2. Nf3 Nc6 3. Bb5 Nf6 4. d3 Bc5 5. Bxc6 dxc6 6. Nbd2 Be6 7. O-O Bd6 8.
b3 Nd7 9. Nc4 Bxc4 10. bxc4 O-O 11. Be3 Qe7 12. c3 b5 13. cxb5 cxb5 14. a4 a6
15. Qc2 c5 16. axb5 axb5 17. Qb3 b4 18. Nd2 h6 19. h3 Rfb8 20. Rfb1 Qd8 21. Nc4
Bf8 22. Bd2 Qc7 23. Rc1 Qb7 24. Rab1 Qb5 25. Rb2 Ra4 26. Rcb1 g6 27. g3 h5 28.
h4 Qa6 29. Kg2 Qc6 30. Kh2 Rba8 31. Qc2 Qb5 32. Kg2 Qb7 33. Ne3 Nf6 34. Nc4 Nd7
35. Ne3 Nf6 36. Nc4 1/2-1/2

[Event "Bundesliga 2014/15"]
[Site "Emsdetten GER"]
[Date "2015.01.31"]
[Round "8"]
[White "Yilmaz, Mustafa"]
[Black "Bacrot, Etienne"]
[Result "0-1"]
[WhiteElo "2580"]
[BlackElo "2719"]
[PlyCount "138"]
[EventDate "2014.10.18"]
[EventType "team"]
[WhiteTeam "SK Turm Emsdetten"]
[BlackTeam "OSG Baden-Baden"]

1. c4 Nf6 2. g3 c6 3. Bg2 d5 4. Nf3 g6 5. b3 Bg7 6. Bb2 O-O 7. O-O a5 8. d4 a4
9. bxa4 Qa5 10. Nfd2 Be6 11. c5 Qxa4 12. Nb3 Nbd7 13. Nc3 Qa7 14. a4 b6 15. Ba3
bxc5 16. Nxc5 Bf5 17. h3 Qa5 18. Nb3 Qxc3 19. Rc1 Bc2 20. Qxc2 Qxc2 21. Rxc2
Rfb8 22. Nc5 Nxc5 23. Bxc5 Bf8 24. Ra1 Ra5 25. e3 Rb7 26. Bf3 Nd7 27. e4 Nxc5
28. Rxc5 Rxc5 29. dxc5 e6 30. exd5 exd5 31. a5 Bxc5 32. a6 Rb3 33. Bd1 Rb2 34.
Kf1 Rxf2+ 35. Ke1 Ba7 36. Be2 Rg2 37. Ra3 c5 38. Rb3 c4 39. Rb7 Bd4 40. g4 c3
41. a7 Rg1+ 42. Bf1 Bxa7 43. Rxa7 d4 44. Rc7 d3 45. Rxc3 d2+ 46. Kxd2 Rxf1 47.
Ke2 Rf4 48. Rc5 h6 49. Ke3 g5 50. Ke2 Kg7 51. Ra5 Kg6 52. Ra6+ f6 53. Ra3 h5
54. Rf3 Re4+ 55. Re3 Rf4 56. Rg3 Kf7 57. gxh5 Rh4 58. Ra3 Rxh5 59. Kf2 Rh4 60.
Kg3 Kg6 61. Ra5 Rd4 62. Ra3 Kh5 63. Rf3 Rd6 64. Ra3 f5 65. Ra8 f4+ 66. Kf3 Rd3+
67. Kg2 Rd2+ 68. Kf3 Rh2 69. Rh8+ Kg6 0-1

[Event "Bundesliga 2014/15"]
[Site "Emsdetten GER"]
[Date "2015.01.31"]
[Round "8"]
[White "Hector, Jonny"]
[Black "Naiditsch, Arkadij"]
[Result "1/2-1/2"]
[WhiteElo "2488"]
[BlackElo "2710"]
[PlyCount "187"]
[EventDate "2014.10.18"]
[EventType "team"]
[WhiteTeam "SK Turm Emsdetten"]
[BlackTeam "OSG Baden-Baden"]

1. e4 e5 2. Nf3 Nc6 3. Bc4 Nf6 4. Qe2 Be7 5. d4 d6 6. dxe5 Nxe5 7. Nxe5 dxe5 8.
O-O c6 9. a4 O-O 10. Bd2 Bc5 11. b4 Bd6 12. c3 a5 13. b5 Qe7 14. Bg5 h6 15. Bh4
cxb5 16. Bxb5 Bc5 17. Kh1 g5 18. Bg3 Ne8 19. Rd1 Nd6 20. Bd3 f6 21. Nd2 Be6 22.
Nf1 Rfc8 23. f3 Rc7 24. Be1 Rd8 25. Ne3 Rcd7 26. Nd5 Bxd5 27. exd5 f5 28. c4 b6
29. Bc3 Re8 30. Rf1 Qf7 31. Qc2 h5 32. Rae1 Rde7 33. Qc1 Qf6 34. Re2 Bd4 35.
Bxd4 exd4 36. Rxe7 Rxe7 37. Qb1 Re3 38. Qxb6 Rxd3 39. c5 Ne8 40. Qb5 Re3 41. d6
Nxd6 42. cxd6 Qxd6 43. Qxf5 Re5 44. Qd3 Kg7 45. h3 Qb4 46. Kh2 Qc3 47. Qa6 Qc7
48. Kh1 Rc5 49. Qd3 Qf4 50. Qa3 Qe5 51. Rb1 Rc7 52. Rd1 Rc3 53. Qb2 h4 54. Qb7+
Rc7 55. Qb2 Rc4 56. Qb7+ Rc7 57. Qb1 Rd7 58. Re1 Qc5 59. Rd1 Qd5 60. Qd3 Qc6
61. Rb1 Qg6 62. Qb5 Kh6 63. Rd1 Qd6 64. Qf5 Qd5 65. Qf6+ Kh7 66. f4 Rf7 67.
Rxd4 Rxf6 68. Rxd5 Rxf4 69. Rxa5 Rf1+ 70. Kh2 Kg6 71. Ra6+ Kf5 72. g4+ hxg3+
73. Kxg3 Ra1 74. Ra5+ Kg6 75. Kg4 Rg1+ 76. Kf3 Rh1 77. Kg2 Ra1 78. Ra8 Ra3 79.
a5 Kh7 80. a6 Kg7 81. a7 Kh7 82. Kf2 Kg7 83. Ke2 Kh7 84. Kd2 Kg7 85. Kc2 Ra6
86. Kb3 Ra1 87. Kb4 Rb1+ 88. Kc5 Rc1+ 89. Kd6 Ra1 90. Ke5 Ra5+ 91. Ke6 Ra6+ 92.
Kf5 Ra5+ 93. Kg4 Kh7 94. Kh5 1/2-1/2

[Event "Bundesliga 2014/15"]
[Site "Emsdetten GER"]
[Date "2015.01.31"]
[Round "8"]
[White "Balogh, Csaba"]
[Black "Fressinet, Laurent"]
[Result "1/2-1/2"]
[WhiteElo "2660"]
[BlackElo "2713"]
[PlyCount "46"]
[EventDate "2014.10.18"]
[EventType "team"]
[WhiteTeam "SC Eppingen"]
[BlackTeam "Werder Bremen"]

1. e4 c5 2. Nf3 Nc6 3. d4 cxd4 4. Nxd4 Nf6 5. Nc3 e5 6. Ndb5 d6 7. Bg5 a6 8.
Na3 b5 9. Nd5 Be7 10. Bxf6 Bxf6 11. c4 b4 12. Nc2 O-O 13. g3 a5 14. Bg2 Bg5 15.
O-O Ne7 16. Nde3 Qb6 17. b3 Be6 18. f4 Bh6 19. Qe1 a4 20. Rd1 axb3 21. axb3 Bg4
22. Rb1 Rab8 23. f5 f6 1/2-1/2

[Event "Bundesliga 2014/15"]
[Site "Solingen GER"]
[Date "2015.01.31"]
[Round "8"]
[White "Henrichs, Thomas"]
[Black "Navara, David"]
[Result "1/2-1/2"]
[WhiteElo "2492"]
[BlackElo "2718"]
[PlyCount "117"]
[EventDate "2014.10.18"]
[EventType "team"]
[WhiteTeam "SC Hansa Dortmund"]
[BlackTeam "SV Muelheim Nord"]

1. d4 Nf6 2. c4 e6 3. Nc3 Bb4 4. e3 O-O 5. Nge2 d5 6. a3 Bd6 7. Ng3 c6 8. Qc2
e5 9. dxe5 Bxe5 10. Be2 Be6 11. O-O dxc4 12. f4 Bc7 13. e4 Ng4 14. Bxg4 Bxg4
15. Be3 Nd7 16. e5 f6 17. Qe4 Qe8 18. Rae1 Kh8 19. Qxc4 fxe5 20. f5 Nf6 21.
Nce4 Nd5 22. Bc5 Bb6 23. Kh1 Rg8 24. Nd6 Qd7 25. b4 Bc7 26. Nde4 b6 27. Ng5
bxc5 28. Qxg4 Nf6 29. Rd1 Qe7 30. Qc4 h6 31. Nf7+ Kh7 32. bxc5 e4 33. Nd6 Ng4
34. Qe6 Bxd6 35. Qg6+ Kh8 36. Rxd6 Qh4 37. Qh5 Qxh5 38. Nxh5 Rab8 39. Rxc6 Ne3
40. Re1 Nc2 41. Rc1 e3 42. Re6 Rge8 43. Nf4 Nd4 44. Rxe8+ Rxe8 45. c6 Rc8 46.
Ng6+ Kh7 47. Ne7 Rc7 48. Nd5 Rxc6 49. Rxc6 Nxc6 50. Nxe3 Nd4 51. Kg1 h5 52. Kf2
h4 53. g4 hxg3+ 54. Kxg3 a5 55. Kf4 Kh6 56. Nc4 a4 57. Nb6 Nb5 58. Nxa4 Nxa3
59. Nc5 1/2-1/2

[Event "Bundesliga 2014/15"]
[Site "Trier GER"]
[Date "2015.02.01"]
[Round "9"]
[White "Erdos, Viktor"]
[Black "Wojtaszek, Radoslaw"]
[Result "1/2-1/2"]
[WhiteElo "2621"]
[BlackElo "2742"]
[PlyCount "46"]
[EventDate "2014.10.18"]
[EventType "team"]
[WhiteTeam "SG Trier"]
[BlackTeam "SK Schwaebisch Hall"]

1. c4 e5 2. g3 Nc6 3. Nc3 Bc5 4. Bg2 d6 5. e3 Nf6 6. Nge2 Bf5 7. d4 Bb6 8. h3
O-O 9. O-O h6 10. Kh2 Re8 11. d5 Ne7 12. e4 Bd7 13. Qd3 c6 14. dxc6 Bxc6 15.
Be3 Bc5 16. Rad1 Ng6 17. Rd2 Nf8 18. Rb1 a5 19. Rbd1 Ne6 20. Bxc5 dxc5 21. Qxd8
Raxd8 22. Rxd8 Rxd8 23. Nd5 Kf8 1/2-1/2

[Event "Bundesliga 2014/15"]
[Site "Emsdetten GER"]
[Date "2015.02.01"]
[Round "9"]
[White "Fressinet, Laurent"]
[Black "Adams, Michael"]
[Result "1/2-1/2"]
[WhiteElo "2713"]
[BlackElo "2758"]
[PlyCount "47"]
[EventDate "2014.10.18"]
[EventType "team"]
[WhiteTeam "Werder Bremen"]
[BlackTeam "OSG Baden-Baden"]

1. c4 Nf6 2. g3 e6 3. Bg2 d5 4. Nf3 Be7 5. O-O O-O 6. d4 dxc4 7. Qc2 a6 8. a4
Bd7 9. Qxc4 Bc6 10. Bg5 Bd5 11. Qd3 c5 12. Nc3 Bc6 13. Rfd1 cxd4 14. Bxf6 Bxf6
15. Nxd4 Bxg2 16. Kxg2 Bxd4 17. Qxd4 Nc6 18. Qxd8 Rfxd8 19. Ne4 Kf8 20. Nc5
Rxd1 21. Rxd1 b5 22. Nxa6 bxa4 23. Nc5 a3 24. bxa3 1/2-1/2

[Event "Bundesliga 2014/15"]
[Site "Emsdetten GER"]
[Date "2015.02.01"]
[Round "9"]
[White "Bacrot, Etienne"]
[Black "Areshchenko, Alexander"]
[Result "1/2-1/2"]
[WhiteElo "2719"]
[BlackElo "2654"]
[PlyCount "47"]
[EventDate "2014.10.18"]
[EventType "team"]
[WhiteTeam "OSG Baden-Baden"]
[BlackTeam "Werder Bremen"]

1. e4 c5 2. Nf3 d6 3. d4 cxd4 4. Nxd4 Nf6 5. Nc3 a6 6. h3 e6 7. g4 h6 8. Bg2 g5
9. Be3 Nbd7 10. Qe2 Ne5 11. f4 gxf4 12. Bxf4 Be7 13. O-O-O Qc7 14. Rhf1 b5 15.
Qf2 Bb7 16. Nce2 O-O-O 17. Ng3 Nfd7 18. Kb1 Bg5 19. Nh5 Bxf4 20. Qxf4 Kb8 21.
b3 Qc5 22. Qd2 Rc8 23. Ne2 Ka8 24. c3 1/2-1/2

[Event "Bundesliga 2014/15"]
[Site "Emsdetten GER"]
[Date "2015.02.01"]
[Round "9"]
[White "Naiditsch, Arkadij"]
[Black "Efimenko, Zahar"]
[Result "1/2-1/2"]
[WhiteElo "2710"]
[BlackElo "2649"]
[PlyCount "67"]
[EventDate "2014.10.18"]
[EventType "team"]
[WhiteTeam "OSG Baden-Baden"]
[BlackTeam "Werder Bremen"]

1. e4 e5 2. Nf3 Nc6 3. Bb5 a6 4. Bxc6 dxc6 5. O-O Qf6 6. d4 exd4 7. Bg5 Qd6 8.
Nxd4 Bd7 9. Nc3 Ne7 10. Be3 c5 11. Nb3 Qxd1 12. Rfxd1 b6 13. a4 O-O-O 14. a5 c4
15. Nd4 b5 16. Nf3 f6 17. Rd2 Nc6 18. Nd5 Bd6 19. Nh4 Kb7 20. Nf5 Bxf5 21. exf5
Nb4 22. Rad1 Nxd5 23. Rxd5 Kc6 24. Kf1 Be7 25. R5d4 Rhe8 26. c3 Rxd4 27. Rxd4
Bc5 28. Rh4 h6 29. Ke2 Kd5 30. Rg4 Re7 31. Kd2 Bxe3+ 32. fxe3 c5 33. Rf4 b4 34.
Rg4 1/2-1/2

[Event "Bundesliga 2014/15"]
[Site "Emsdetten GER"]
[Date "2015.02.01"]
[Round "9"]
[White "Giri, Anish"]
[Black "Balogh, Csaba"]
[Result "1-0"]
[WhiteElo "2768"]
[BlackElo "2660"]
[PlyCount "107"]
[EventDate "2014.10.18"]
[EventType "team"]
[WhiteTeam "SK Turm Emsdetten"]
[BlackTeam "SC Eppingen"]

1. c4 e5 2. g3 Nf6 3. Bg2 c6 4. Nf3 e4 5. Nd4 d5 6. d3 Bc5 7. Nb3 Bb4+ 8. Bd2
Bxd2+ 9. Qxd2 dxc4 10. dxc4 Qe7 11. Nc3 O-O 12. Qe3 Re8 13. Qc5 Na6 14. Qxe7
Rxe7 15. O-O-O Bf5 16. h3 h5 17. Nd4 Bd7 18. Nc2 Rae8 19. Ne3 Bc8 20. a3 Nc7
21. b4 Re5 22. Kb2 a5 23. Rd4 axb4 24. axb4 c5 25. bxc5 Ne6 26. Rd2 Nxc5 27.
Ncd5 Be6 28. Rhd1 Bxd5 29. cxd5 Na4+ 30. Kb3 Nb6 31. Rd4 Rd8 32. d6 Nc8 33. Nc4
Rb5+ 34. Kc3 Nb6 35. Bxe4 Rc8 36. Bd3 Rbc5 37. Kb4 Nbd5+ 38. Kb3 Rb5+ 39. Kc2
Nb4+ 40. Kd2 Nc6 41. Rf4 Rd8 42. Ke1 Rc5 43. Rf5 Rxf5 44. Bxf5 g6 45. Bb1 b5
46. Nb6 Kg7 47. f4 Rb8 48. Nd5 Nxd5 49. Rxd5 Kf6 50. Rc5 Nd8 51. e4 b4 52. e5+
Ke6 53. Be4 b3 54. Rc7 1-0

[Event "Bundesliga 2014/15"]
[Site "Solingen GER"]
[Date "2015.02.01"]
[Round "9"]
[White "Navara, David"]
[Black "Volokitin, Andrei"]
[Result "1-0"]
[WhiteElo "2718"]
[BlackElo "2642"]
[PlyCount "119"]
[EventDate "2014.10.18"]
[EventType "team"]
[WhiteTeam "SV Muelheim Nord"]
[BlackTeam "SF Katernberg"]

1. Nf3 Nf6 2. c4 c5 3. g3 d5 4. cxd5 Nxd5 5. Bg2 Nc6 6. d4 cxd4 7. Nxd4 Ndb4 8.
Nxc6 Qxd1+ 9. Kxd1 Nxc6 10. Nc3 Bd7 11. Be3 g6 12. Kc2 Bf5+ 13. Be4 Bxe4+ 14.
Nxe4 Rc8 15. Rac1 f5 16. Nc5 b6 17. Nb3 Bg7 18. Kb1 Kf7 19. Rhd1 Ne5 20. Bd4
Rhd8 21. Rxc8 Rxc8 22. f4 Nc6 23. Bxg7 Kxg7 24. Rc1 a5 25. Nd2 Kf6 26. a4 Ke6
27. e4 fxe4 28. Nxe4 h6 29. Nd2 Kd7 30. Rd1 Ke6 31. Nc4 Rb8 32. Re1+ Kd7 33.
Ka2 g5 34. fxg5 hxg5 35. Ka3 Rh8 36. Nxb6+ Kc7 37. Nd5+ Kd6 38. Rd1 Rxh2 39. b4
e5 40. Ne3+ Ke6 41. b5 Nd4 42. b6 Rh7 43. Nc4 Rb7 44. Rb1 Nc2+ 45. Kb3 Nb4 46.
Rh1 Nd5 47. Rh6+ Nf6 48. g4 e4 49. Kc3 Rd7 50. Nxa5 e3 51. b7 e2 52. Rh1 Ne4+
53. Kc2 Rc7+ 54. Kb2 Rxb7+ 55. Nxb7 Nf2 56. Nc5+ Kd5 57. Re1 Kxc5 58. Rxe2 Nxg4
59. Kb3 Nf6 60. Re5+ 1-0

[Event "Moscow Open  2015"]
[Site "Moscow RUS"]
[Date "2015.02.01"]
[Round "2"]
[White "Nepomniachtchi, Ian"]
[Black "Sadikhov, Ulvi"]
[Result "1-0"]
[WhiteElo "2714"]
[BlackElo "2414"]
[PlyCount "43"]
[EventDate "2015.01.31"]

1. e4 d6 2. d4 Nf6 3. Nc3 e5 4. Nf3 Nbd7 5. Bc4 Be7 6. a4 O-O 7. O-O a5 8. h3
c6 9. Ba2 h6 10. Be3 Re8 11. Re1 exd4 12. Nxd4 Bf8 13. Qf3 Ne5 14. Qg3 Nh5 15.
Qh2 d5 16. exd5 Bd6 17. Qh1 Ng6 18. dxc6 bxc6 19. Nxc6 Qd7 20. Rad1 Bb7 21. Nb5
Qxc6 22. Nxd6 1-0

[Event "Moscow Open  2015"]
[Site "Moscow RUS"]
[Date "2015.02.01"]
[Round "2"]
[White "Sychev, Klementy"]
[Black "Vallejo Pons, Francisco"]
[Result "1/2-1/2"]
[WhiteElo "2414"]
[BlackElo "2706"]
[PlyCount "174"]
[EventDate "2015.01.31"]

1. Nf3 d5 2. d4 e6 3. c4 a6 4. Bg5 Be7 5. Bxe7 Qxe7 6. e3 Nf6 7. Nbd2 O-O 8.
Rc1 Nc6 9. cxd5 exd5 10. Be2 Na7 11. O-O c6 12. Nb3 Bg4 13. Nc5 Nb5 14. Re1 Nd6
15. Ne5 Bxe2 16. Rxe2 Nfe4 17. Ncd3 f6 18. Nf3 Rfe8 19. Qc2 Qf7 20. Rf1 Re7 21.
Ree1 Rae8 22. Re2 h6 23. Qd1 Nf5 24. Qc2 Ng5 25. Nde1 Re4 26. Rd2 Qh5 27. Qd1
Qg6 28. Kh1 Nd6 29. b3 R4e7 30. Ng1 Nge4 31. Rc2 Nf5 32. Qd3 Ned6 33. Ne2 Qf7
34. Nf3 Ne4 35. Kg1 Nfd6 36. Qd1 Ng5 37. Ne1 Nf5 38. Nd3 Ne6 39. Rc1 Kh8 40.
Nef4 Nxf4 41. Nxf4 g5 42. Nd3 h5 43. a4 Qh7 44. Nc5 h4 45. Qf3 Qg6 46. h3 Kg7
47. Kh1 Nd6 48. Rg1 Kf7 49. Rgd1 Kg7 50. Rg1 Rh8 51. Rgf1 Ra8 52. Rfd1 Rf8 53.
Rg1 Kg8 54. Rgd1 Qe8 55. Rg1 Rg7 56. Rce1 Re7 57. Rc1 Qc8 58. Rce1 Qf5 59. Qxf5
Nxf5 60. Rgf1 Kg7 61. Kg1 Rfe8 62. Rc1 Nd6 63. Rfd1 f5 64. Nd3 f4 65. exf4 Nf5
66. fxg5 Nxd4 67. Kh1 Nxb3 68. Rb1 Na5 69. Ne1 Re4 70. Ra1 Nc4 71. Nf3 Ne5 72.
Rab1 b5 73. axb5 axb5 74. Nd4 Kg6 75. f3 Rf4 76. Rbc1 Kxg5 77. Nxc6 Rc4 78.
Rxc4 dxc4 79. Re1 Nxc6 80. Rxe8 b4 81. Re4 c3 82. Rc4 Nd4 83. Rxb4 c2 84. Rc4
Kf5 85. Kh2 Ke5 86. Rxc2 Nxc2 87. g3 hxg3+ 1/2-1/2

[Event "Gibraltar Masters Open 2015"]
[Site "Caleta ENG"]
[Date "2015.02.01"]
[Round "6"]
[White "Nakamura, Hikaru"]
[Black "Topalov, Veselin"]
[Result "1-0"]
[WhiteElo "2776"]
[BlackElo "2800"]
[PlyCount "99"]
[EventDate "2015.01.27"]

1. e4 c5 2. Nf3 d6 3. Bb5+ Nd7 4. a4 Ngf6 5. Nc3 e6 6. d4 cxd4 7. Qxd4 a6 8.
Be2 b6 9. O-O Bb7 10. Rd1 Qc7 11. Bg5 Be7 12. Nd2 h6 13. Bh4 Ne5 14. Nf1 Rd8
15. Bg3 O-O 16. Ne3 Rc8 17. Kh1 Rfd8 18. f3 Nh5 19. Bf2 Nf4 20. Bf1 Nfg6 21.
Qd2 Bg5 22. Qe1 Nf4 23. Bg3 Nh5 24. Bf2 Qe7 25. Ra3 Nf4 26. Rb3 Rc6 27. Ne2
Nxe2 28. Bxe2 Rdc8 29. c3 Nd7 30. Nc2 d5 31. Nb4 Rc5 32. exd5 Ra5 33. Nc6 Bxc6
34. dxc6 Rxc6 35. Rb4 Bf6 36. Qf1 Rd6 37. Rxd6 Qxd6 38. Bxa6 Nc5 39. Bb5 Qd2
40. Bg1 Ra8 41. Bc6 Rc8 42. Rxb6 Bd8 43. Rb5 Rxc6 44. Bxc5 Bc7 45. a5 Qc2 46.
f4 f6 47. h3 Kh7 48. f5 exf5 49. Bg1 Be5 50. a6 1-0

[Event "Gibraltar Masters Open 2015"]
[Site "Caleta ENG"]
[Date "2015.02.01"]
[Round "6"]
[White "Yu, Yangyi"]
[Black "Vazquez Igarza, Renier"]
[Result "1-0"]
[WhiteElo "2724"]
[BlackElo "2592"]
[PlyCount "85"]
[EventDate "2015.01.27"]

1. e4 c5 2. Nf3 e6 3. d4 cxd4 4. Nxd4 Nc6 5. Nc3 a6 6. Nxc6 bxc6 7. Bd3 d5 8.
O-O Nf6 9. Re1 Bb7 10. Qf3 Be7 11. Bf4 O-O 12. Rad1 Nd7 13. Na4 g6 14. b3 Re8
15. c3 Bf8 16. e5 a5 17. Qg3 Ba6 18. h4 Bxd3 19. Rxd3 Nb6 20. Bg5 Qb8 21. Nxb6
Qxb6 22. h5 a4 23. b4 c5 24. Be3 Qb5 25. Bxc5 Bxc5 26. bxc5 Qxc5 27. Rd4 Rac8
28. Re3 Qa3 29. Kh2 Qxa2 30. Qh4 Qa3 31. Rxa4 Qe7 32. Qg4 Rc7 33. Rf4 Rec8 34.
Qg3 Qf8 35. hxg6 hxg6 36. Rh4 Rc4 37. f4 Re4 38. Rf3 d4 39. cxd4 Rc1 40. Qh3
Qg7 41. Rb3 Rc8 42. d5 g5 43. dxe6 1-0

[Event "Gibraltar Masters Open 2015"]
[Site "Caleta ENG"]
[Date "2015.02.01"]
[Round "6"]
[White "Wei, Yi"]
[Black "Howell, David W L"]
[Result "0-1"]
[WhiteElo "2675"]
[BlackElo "2670"]
[PlyCount "174"]
[EventDate "2015.01.27"]

1. e4 e5 2. Nf3 Nc6 3. Bc4 Bc5 4. d3 Nf6 5. Nbd2 O-O 6. O-O d6 7. c3 Bb6 8. Bb3
Ne7 9. Re1 Ng6 10. Nf1 c6 11. Ng3 Re8 12. h3 Be6 13. c4 Bc5 14. Be3 Bxe3 15.
fxe3 h6 16. d4 a5 17. Rc1 Qb6 18. Kh2 Rad8 19. Qc2 Qa6 20. Red1 Ra8 21. c5 Bxb3
22. Qxb3 a4 23. Qc3 exd4 24. Qxd4 dxc5 25. Rxc5 Qb6 26. Rc4 Qa5 27. Qd2 Qxd2
28. Rxd2 Ne5 29. Rc5 Nfd7 30. Rc3 g6 31. Nxe5 Nxe5 32. Ne2 Re7 33. Kg3 Kg7 34.
Rd4 Ra5 35. Rc2 Nd7 36. Nc3 Rg5+ 37. Kf2 b5 38. a3 Rc5 39. Rc1 Nf6 40. Kf3 Rce5
41. Rd6 Rc5 42. Rcd1 h5 43. g3 Nh7 44. Rd7 Ng5+ 45. Kg2 Rce5 46. Rxe7 Rxe7 47.
Rd6 Re6 48. Rd4 Kf8 49. h4 Nh7 50. Ne2 Nf6 51. Kf3 Ng4 52. Nf4 Ne5+ 53. Ke2 Rf6
54. Nd3 Nxd3 55. Rxd3 Ke7 56. b3 axb3 57. Rxb3 Kd6 58. a4 Kc5 59. axb5 cxb5 60.
Rc3+ Kb6 61. Rc8 Rd6 62. e5 Rd7 63. Re8 Kc5 64. Rc8+ Kd5 65. Re8 Kc5 66. Rc8+
Kd5 67. Re8 Kc6 68. e6 fxe6 69. Rxe6+ Rd6 70. Re8 b4 71. e4 Kc5 72. e5 Rb6 73.
Kd2 b3 74. Kc1 b2+ 75. Kb1 Kd5 76. Re7 Rb3 77. Ra7 Rxg3 78. Ra5+ Ke6 79. Kxb2
Rg4 80. Kc3 Kf5 81. Kd3 Rxh4 82. Ra6 Rg4 83. e6 Kf6 84. Ke3 Rg5 85. Kf4 Rf5+
86. Kg3 Ke7 87. Kh4 Re5 0-1

[Event "Gibraltar Masters Open 2015"]
[Site "Caleta ENG"]
[Date "2015.02.01"]
[Round "6"]
[White "Ganguly, Surya Shekhar"]
[Black "Harikrishna, Pentala"]
[Result "1/2-1/2"]
[WhiteElo "2595"]
[BlackElo "2723"]
[PlyCount "71"]
[EventDate "2015.01.27"]

1. d4 Nf6 2. c4 e6 3. Nf3 d5 4. g3 Be7 5. Bg2 O-O 6. O-O dxc4 7. Qa4 a6 8. Qxc4
b5 9. Qc2 Bb7 10. Bd2 Be4 11. Qc1 Bb7 12. Qc2 Be4 13. Qc1 Bb7 14. a3 Nbd7 15.
b4 Qc8 16. Nc3 Ne4 17. Nxe4 Bxe4 18. Bh3 Bxf3 19. exf3 c6 20. f4 Nb6 21. Qc2 g6
22. Rfc1 Nc4 23. Bf1 Nxd2 24. Qxd2 Qd7 25. Rc3 Rfc8 26. Bg2 Rc7 27. Rac1 Rac8
28. Qe3 Bf6 29. Qe4 Qxd4 30. Qxd4 Bxd4 31. Rxc6 Rxc6 32. Rxc6 Rxc6 33. Bxc6 Bb2
34. Bb7 Bxa3 35. Bxa6 Bxb4 36. Bxb5 1/2-1/2

[Event "Gibraltar Masters Open 2015"]
[Site "Caleta ENG"]
[Date "2015.02.01"]
[Round "6"]
[White "Jakovenko, Dmitry"]
[Black "Vishnu Prasanna, V."]
[Result "1-0"]
[WhiteElo "2733"]
[BlackElo "2463"]
[PlyCount "65"]
[EventDate "2015.01.27"]

1. d4 Nf6 2. c4 e6 3. Nc3 Bb4 4. e3 O-O 5. Bd3 d5 6. Nf3 b6 7. O-O Bb7 8. cxd5
exd5 9. a3 Bd6 10. b4 Nbd7 11. Qb3 a6 12. a4 c6 13. a5 b5 14. Nd2 Re8 15. Ba3
Nf8 16. Rae1 Bc8 17. Qb1 Ne6 18. f4 g6 19. Nf3 Ng7 20. Ne5 Bf5 21. Rc1 Rc8 22.
Nd1 Ne4 23. Qa2 Rc7 24. Nxc6 Qc8 25. Qxd5 Bf8 26. Ne5 Rxc1 27. Bxc1 Qxc1 28.
Bxe4 Be6 29. Qc6 Rc8 30. Qxa6 Bb3 31. Nf2 Qc3 32. Nfd3 Re8 33. Qxb5 1-0

[Event "Gibraltar Masters Open 2015"]
[Site "Caleta ENG"]
[Date "2015.02.01"]
[Round "6"]
[White "Rapport, Richard"]
[Black "Boruchovsky, Avital"]
[Result "1-0"]
[WhiteElo "2716"]
[BlackElo "2517"]
[PlyCount "91"]
[EventDate "2015.01.27"]

1. d4 Nf6 2. Bg5 Ne4 3. h4 c5 4. d5 g6 5. Nd2 Nxg5 6. hxg5 Bg7 7. c3 d6 8. e3
Nd7 9. Ngf3 a6 10. a4 b6 11. Bc4 Bb7 12. e4 O-O 13. g3 f5 14. Bd3 c4 15. Bxc4
fxe4 16. Nxe4 Qc7 17. Ba2 Nc5 18. Nxc5 Qxc5 19. O-O Rf5 20. Bb1 Raf8 21. Bxf5
Rxf5 22. Re1 Bxd5 23. Re3 Bb7 24. Qb3+ Bd5 25. Qd1 e5 26. Qe2 Bb7 27. Nd2 Rxg5
28. Qc4+ d5 29. Qxc5 bxc5 30. c4 dxc4 31. Ne4 Rh5 32. f3 Bc6 33. Kg2 Rf5 34.
Rc3 g5 35. Rxc4 Bf8 36. Rd1 h5 37. Rd8 g4 38. fxg4 hxg4 39. Kg1 Rf3 40. Ng5
Rxg3+ 41. Kf1 Rh3 42. Rxg4 Rh6 43. Ne6+ Kf7 44. Nxf8 Bf3 45. Rg5 Kf6 46. Rg6+
1-0

[Event "Moscow Open  2015"]
[Site "Moscow RUS"]
[Date "2015.02.02"]
[Round "3"]
[White "Ulko, Jaroslav"]
[Black "Nepomniachtchi, Ian"]
[Result "1/2-1/2"]
[WhiteElo "2482"]
[BlackElo "2714"]
[PlyCount "112"]
[EventDate "2015.01.31"]

1. d4 Nf6 2. Nf3 g6 3. Bg5 Bg7 4. Nbd2 O-O 5. c3 d5 6. e3 Nbd7 7. h3 Re8 8. Bf4
b6 9. a4 a6 10. Be2 Bb7 11. Qb3 Ne4 12. Rd1 e6 13. O-O Nxd2 14. Rxd2 c5 15. Rc1
Rc8 16. Rdd1 Qe7 17. Qa3 Bf8 18. Qb3 Bg7 19. Qa3 h6 20. b3 Nf6 21. c4 a5 22.
Be5 Nd7 23. Bxg7 Kxg7 24. dxc5 Nxc5 25. b4 Ne4 26. Qb2+ Qf6 27. Qxf6+ Kxf6 28.
bxa5 bxa5 29. Nd4 dxc4 30. Bxc4 Red8 31. Re1 Rc7 32. Bf1 Rdc8 33. Rxc7 Rxc7 34.
Nb3 Bd5 35. Nxa5 Rc5 36. Bb5 Nc3 37. f3 Nxb5 38. axb5 Rxb5 39. Ra1 e5 40. e4
Be6 41. Nc6 Rb6 42. Nd8 Bd7 43. Ra7 Rd6 44. Rc7 Rd2 45. Nb7 Bb5 46. Rc5 Be2 47.
Rc6+ Ke7 48. Rc7+ Rd7 49. Rxd7+ Kxd7 50. Kf2 Bc4 51. Nc5+ Kc6 52. Na4 Kb5 53.
Nc3+ Kb4 54. Nd1 h5 55. h4 Be6 56. Ke3 Kc5 1/2-1/2

[Event "Grenke Chess Classic 2015"]
[Site "Baden Baden GER"]
[Date "2015.02.02"]
[Round "1"]
[White "Caruana, Fabiano"]
[Black "Anand, Viswanathan"]
[Result "1/2-1/2"]
[WhiteElo "2811"]
[BlackElo "2797"]
[PlyCount "76"]
[EventDate "2015.02.02"]

1. e4 e5 2. Nf3 Nc6 3. Bc4 Bc5 4. c3 Nf6 5. d3 d6 6. b4 Bb6 7. a4 a5 8. b5 Ne7
9. O-O O-O 10. h3 c6 11. Bb3 Ng6 12. Re1 Re8 13. Nbd2 d5 14. Nf1 dxe4 15. Ng5
Re7 16. Nxe4 Nxe4 17. dxe4 Be6 18. Rb1 Rd7 19. Qc2 Nf8 20. Ne3 Bxe3 21. Bxe3 h6
22. Red1 Rc8 23. Rxd7 Qxd7 24. Rd1 Qe8 25. bxc6 Qxc6 26. Bd5 Qxc3 27. Qxc3 Rxc3
28. Bxb7 Nd7 29. Ba6 Nc5 30. Bxc5 Rxc5 31. Bb5 Kh7 32. Rd6 Bc4 33. Rb6 Bxb5 34.
Rxb5 Rxb5 35. axb5 a4 36. b6 a3 37. b7 a2 38. b8=Q a1=Q+ 1/2-1/2

[Event "Grenke Chess Classic 2015"]
[Site "Baden Baden GER"]
[Date "2015.02.02"]
[Round "1"]
[White "Bacrot, Etienne"]
[Black "Baramidze, David"]
[Result "1/2-1/2"]
[WhiteElo "2711"]
[BlackElo "2594"]
[PlyCount "61"]
[EventDate "2015.02.02"]

1. d4 Nf6 2. c4 g6 3. f3 d5 4. cxd5 Nxd5 5. e4 Nb6 6. Nc3 Bg7 7. Be3 O-O 8. Qd2
Nc6 9. O-O-O Qd6 10. Nb5 Qd7 11. Kb1 Rd8 12. d5 a6 13. Nc3 Na5 14. Qc1 Qe8 15.
h4 e6 16. Bf4 Rd7 17. Bh6 Bxh6 18. Qxh6 Qf8 19. Qxf8+ Kxf8 20. h5 exd5 21. exd5
Nac4 22. hxg6 fxg6 23. Bxc4 Nxc4 24. Nh3 Re7 25. Ng5 h5 26. g4 hxg4 27. Nce4
gxf3 28. Rh8+ Kg7 29. Rh7+ Kf8 30. Rh8+ Kg7 31. Rh7+ 1/2-1/2

[Event "Grenke Chess Classic 2015"]
[Site "Baden Baden GER"]
[Date "2015.02.02"]
[Round "1"]
[White "Aronian, Levon"]
[Black "Carlsen, Magnus"]
[Result "1/2-1/2"]
[WhiteElo "2777"]
[BlackElo "2865"]
[PlyCount "127"]
[EventDate "2015.02.02"]

1. c4 e6 2. Nc3 d5 3. d4 Nf6 4. cxd5 exd5 5. Bg5 c6 6. Qc2 Be7 7. e3 Nbd7 8.
Bd3 h6 9. Bh4 Nh5 10. Bxe7 Qxe7 11. O-O-O Nb6 12. Nf3 Bg4 13. Kb1 Nf6 14. Rc1
Nfd7 15. Ka1 O-O-O 16. Nd2 Kb8 17. Na4 Nxa4 18. Qxa4 Qh4 19. Rcf1 Qf6 20. Qc2
Rc8 21. Nb3 Rc7 22. Rc1 Rhc8 23. h3 Be6 24. Rhf1 h5 25. f4 g6 26. f5 gxf5 27.
g4 hxg4 28. hxg4 Nb6 29. gxf5 Bd7 30. Nc5 Re8 31. Rce1 Qd6 32. a3 Bc8 33. Qf2
Nd7 34. e4 dxe4 35. Nxe4 Qf8 36. Rg1 Rd8 37. Qh2 Qh8 38. Qxh8 Rxh8 39. Rg7 Nb6
40. Nf6 Rd8 41. Rg4 c5 42. Ne8 Rcd7 43. dxc5 Rxd3 44. cxb6 axb6 45. Rf4 R8d5
46. Ref1 Rd1+ 47. Rxd1 Rxd1+ 48. Ka2 Rd5 49. Ng7 Bd7 50. Kb3 Kc7 51. Re4 Kd6
52. Ne8+ Kc6 53. Ng7 Rd3+ 54. Kb4 Rg3 55. Rc4+ Kd6 56. Rd4+ Kc7 57. Nh5 Rg2 58.
Nf6 Bc6 59. b3 b5 60. Ng4 Re2 61. Nh6 Be8 62. Ng4 Bd7 63. Nh6 Be8 64. Ng4
1/2-1/2